[Event "NATO Chess Championship 2010"]
[Site "Koge"]
[Date "2010.10.19"]
[Round "2.26"]
[White "Mottais, Francois"]
[Black "Kaygisiz, Ozgur Can"]
[Result "1/2-1/2"]
[WhiteElo "2071"]
[BlackElo "1892"]
[PlyCount "62"]
[EventDate "2010.10.??"]
[EventType "swiss"]
[EventRounds "7"]
[EventCountry "DEN"]
[WhiteTeam "FRA"]
[BlackTeam "TUR"]

1. d4 Nf6 2. c4 c5 3. d5 b5 4. Nc3 b4 5. Nb1 g6 6. Qc2 Bg7 7. e4 O-O 8. Bd3 d6
9. Ne2 e6 10. O-O e5 11. Nd2 Nh5 12. f4 Nxf4 13. Nxf4 exf4 14. Rxf4 Nd7 15. Rf1
Ne5 16. Nf3 a5 17. Nxe5 Bxe5 18. Bf4 Qe7 19. Bxe5 Qxe5 20. Rf2 a4 21. Raf1 f6
22. Qd2 Kg7 23. Qf4 Bd7 24. Qxe5 fxe5 25. Rxf8 Rxf8 26. Rxf8 Kxf8 27. Kf2 Kg7
28. Be2 h5 29. h3 Kh6 30. g4 Kg5 31. Kg3 h4+ 1/2-1/2

[Event "NATO Chess Championship 2010"]
[Site "Koge"]
[Date "2010.10.19"]
[Round "2.28"]
[White "Stuhr, Finn"]
[Black "Toll, Alec"]
[Result "0-1"]
[WhiteElo "1692"]
[BlackElo "2095"]
[PlyCount "34"]
[EventDate "2010.10.??"]
[EventType "swiss"]
[EventRounds "7"]
[EventCountry "DEN"]
[WhiteTeam "NATO"]
[BlackTeam "UK"]

1. e4 Nc6 2. b3 e5 3. Nf3 Bc5 4. Bb2 d6 5. d4 exd4 6. Nxd4 Nf6 7. Nxc6 bxc6 8.
Qd3 O-O 9. Nd2 a5 10. Qg3 Ng4 11. O-O-O Bxf2 12. Qc3 Ne5 13. Nf3 f6 14. Nxe5
fxe5 15. Qc4+ Kh8 16. Kb1 Qe8 17. Be2 Ba6 0-1

[Event "NATO Chess Championship 2010"]
[Site "Koge"]
[Date "2010.10.19"]
[Round "2.29"]
[White "Jose, Franco Moncera"]
[Black "Morrison, Munroe"]
[Result "1-0"]
[WhiteElo "2066"]
[BlackElo "1861"]
[PlyCount "123"]
[EventDate "2010.10.??"]
[EventType "swiss"]
[EventRounds "7"]
[EventCountry "DEN"]
[WhiteTeam "USA"]
[BlackTeam "UK"]
[WhiteTeamCountry "USA"]

1. Nf3 d6 2. g3 e5 3. d3 Nf6 4. Bg2 Be7 5. O-O Nbd7 6. e4 c6 7. Nbd2 O-O 8. Nc4
Re8 9. c3 Bf8 10. Re1 Qc7 11. Qc2 b5 12. Ne3 Bb7 13. Nf5 d5 14. c4 bxc4 15.
dxc4 d4 16. Bg5 a5 17. a3 a4 18. Bf1 c5 19. Bd3 Bc6 20. Rad1 Reb8 21. Bc1 Rb3
22. Qe2 Rab8 23. Bc2 R3b6 24. h3 Ne8 25. g4 g6 26. Ng3 Ng7 27. Kh2 Ne6 28. Qd2
Qd8 29. g5 Bg7 30. Rg1 Ndf8 31. Ne2 Qd6 32. Rg3 R8b7 33. Kg1 Nf4 34. Nh2 N8e6
35. Ng4 Nxg5 36. Nxf4 exf4 37. e5 fxg3 38. Qxg5 gxf2+ 39. Kxf2 Qe7 40. Nf6+ Kh8
41. Qh4 Bxf6 42. exf6 Qe5 43. Bf4 Qh5 44. Qxh5 gxh5 45. Kg3 Rxb2 46. Bf5 R7b3+
47. Kh4 Rf2 48. Bh6 Rxf5 49. Rg1 Rxf6 50. Bg7+ Kg8 51. Bxf6+ Kf8 52. Rg5 Bd7
53. Rxc5 Rxh3+ 54. Kg5 Rg3+ 55. Kxh5 Ke8 56. Ra5 Bc6 57. Re5+ Kd7 58. Re7+ Kd6
59. Re1 Kc5 60. Kh4 Rxa3 61. Be7+ Kxc4 62. Bxa3 1-0

[Event "NATO Chess Championship 2010"]
[Site "Koge"]
[Date "2010.10.19"]
[Round "2.30"]
[White "Chwieseni, Ed"]
[Black "Cheung, Jan"]
[Result "0-1"]
[WhiteElo "1800"]
[BlackElo "2030"]
[PlyCount "102"]
[EventDate "2010.10.??"]
[EventType "swiss"]
[EventRounds "7"]
[EventCountry "DEN"]
[WhiteTeam "UK"]
[BlackTeam "NED"]

1. e4 c5 2. Nf3 d6 3. c3 Nf6 4. Bb5+ Nbd7 5. d3 e5 6. Bg5 Be7 7. Nbd2 O-O 8. h4
a6 9. Bxd7 Bxd7 10. Nc4 Be6 11. Ne3 b5 12. Nf5 Bxf5 13. exf5 Qd7 14. Bxf6 Bxf6
15. g4 Rfe8 16. Ng5 e4 17. dxe4 Bxg5 18. hxg5 Rxe4+ 19. Kf1 Rae8 20. g6 fxg6
21. Qd5+ Qf7 22. Qxf7+ Kxf7 23. fxg6+ Kxg6 24. Rd1 R8e6 25. g5 Ra4 26. a3 Rg4
27. Rd5 Rxg5 28. Rxg5+ Kxg5 29. Rxh7 Kf6 30. Rh8 Ke7 31. Ra8 d5 32. Ra7+ Kf6
33. Rd7 Ke5 34. Rxg7 d4 35. cxd4+ Kxd4 36. Rg4+ Kd3 37. a4 c4 38. axb5 axb5 39.
Rg5 Rb6 40. f4 b4 41. Rc5 c3 42. bxc3 b3 43. Rd5+ Kc2 44. Ke2 b2 45. Rd2+ Kxc3
46. Rxb2 Rxb2+ 47. Ke3 Kc4 48. Ke4 Re2+ 49. Kf3 Re1 50. f5 Kd5 51. Kf4 Rf1+ 0-1

[Event "NATO Chess Championship 2010"]
[Site "Koge"]
[Date "2010.10.19"]
[Round "2.31"]
[White "Lustig, Mickael"]
[Black "Ross, David C"]
[Result "1-0"]
[WhiteElo "2027"]
[BlackElo "1800"]
[PlyCount "59"]
[EventDate "2010.10.??"]
[EventRounds "7"]
[EventCountry "DEN"]
[WhiteTeam "NATO"]
[BlackTeam "UK"]

1. e4 e5 2. Nf3 Nc6 3. Bb5 a6 4. Ba4 b5 5. Bb3 Bc5 6. c3 Nf6 7. Qe2 O-O 8. O-O
d6 9. a4 b4 10. Rd1 Bg4 11. d3 Na5 12. Nbd2 Qb8 13. Bc2 b3 14. Bb1 Re8 15. Nf1
c6 16. Bg5 Re6 17. h3 Bh5 18. Ng3 Bg6 19. Bxf6 Rxf6 20. d4 exd4 21. cxd4 Bb6
22. h4 h6 23. h5 Bh7 24. e5 dxe5 25. Bxh7+ Kxh7 26. dxe5 Re6 27. Rd7 Qe8 28.
Rad1 Rd8 29. Rxd8 Bxd8 30. Qd3+ 1-0

[Event "NATO Chess Championship 2010"]
[Site "Koge"]
[Date "2010.10.19"]
[Round "2.32"]
[White "Lefevre, Stephen"]
[Black "Demjen, Attila"]
[Result "0-1"]
[WhiteElo "1833"]
[BlackElo "2026"]
[PlyCount "118"]
[EventDate "2010.10.??"]
[EventType "swiss"]
[EventRounds "7"]
[EventCountry "DEN"]
[WhiteTeam "NATO"]
[BlackTeam "HUN"]

1. d4 e5 2. dxe5 Nc6 3. Nf3 Qe7 4. Bd2 Nxe5 5. Nxe5 Qxe5 6. Bc3 Qf5 7. e3 d5 8.
Bd3 Qg5 9. g3 Bg4 10. Be2 Bxe2 11. Qxe2 O-O-O 12. Nd2 Qe7 13. O-O-O Nf6 14.
Bxf6 Qxf6 15. Nb3 g6 16. Rd2 Bg7 17. c3 Rhe8 18. Rhd1 c6 19. Qg4+ Qe6 20. Qxe6+
fxe6 21. Nd4 e5 22. Nb3 Rf8 23. f4 Bh6 24. Re2 Rde8 25. Rde1 g5 26. fxe5 g4 27.
Kd2 Rxe5 28. Kd3 b6 29. e4 Rf3+ 30. Kc2 dxe4 31. Nd4 e3 32. Nxc6 Rh5 33. Kd3
Rf2 34. Nd4 Rfxh2 35. Rxh2 Rxh2 36. Nf5 Bg5 37. Nxe3 Bxe3 38. Rxe3 Rxb2 39. a4
Ra2 40. Re4 h5 41. Ke3 Ra3 42. Rc4+ Kd7 43. Kf4 Kd6 44. Kg5 Kd5 45. Rf4 Rxc3
46. Kxh5 Rxg3 47. Rf7 a6 48. Rf4 Kc5 49. Kh4 Rg1 50. Rf5+ Kb4 51. Rf6 Ka5 52.
Rf4 Ra1 53. Rf5+ Kxa4 54. Kxg4 Rg1+ 55. Kh3 b5 56. Rf6 a5 57. Rf4+ b4 58. Kh2
Rg5 59. Re4 Ka3 0-1

[Event "NATO Chess Championship 2010"]
[Site "Koge"]
[Date "2010.10.19"]
[Round "2.33"]
[White "Adkins, James"]
[Black "Kacevicius, Dangiras"]
[Result "1-0"]
[WhiteElo "2022"]
[BlackElo "1730"]
[PlyCount "79"]
[EventDate "2010.10.??"]
[EventType "swiss"]
[EventRounds "7"]
[EventCountry "DEN"]
[WhiteTeam "USA"]
[BlackTeam "LTU"]
[WhiteTeamCountry "USA"]

1. Nf3 Nf6 2. d4 g6 3. Bg5 Ne4 4. Bh4 Bg7 5. c3 Nd6 6. Nbd2 b6 7. e4 Bb7 8. Bd3
Ba6 9. Bxa6 Nxa6 10. Qe2 Nb8 11. Bg5 f6 12. Bf4 O-O 13. g4 Nc6 14. e5 Nf7 15.
e6 Nh6 16. Bxh6 Bxh6 17. h4 Qc8 18. g5 Bg7 19. h5 dxe6 20. hxg6 hxg6 21. Qe4
Nxd4 22. Nxd4 Kf7 23. gxf6 exf6 24. Rg1 f5 25. Qg2 Bxd4 26. Qxg6+ Ke7 27. cxd4
Qd7 28. O-O-O Qxd4 29. Qg7+ Qxg7 30. Rxg7+ Rf7 31. Rxf7+ Kxf7 32. Nf3 Kf6 33.
Rd7 Rc8 34. Kd2 e5 35. Ke2 a5 36. Rh7 Kg6 37. Re7 e4 38. Nd4 Kg5 39. Rxc7 Rd8
40. Ne6+ 1-0

[Event "NATO Chess Championship 2010"]
[Site "Koge"]
[Date "2010.10.19"]
[Round "2.34"]
[White "Koopmeiners, Karl"]
[Black "Vercauteren, Daniel"]
[Result "1-0"]
[WhiteElo "2011"]
[BlackElo "1689"]
[PlyCount "63"]
[EventDate "2010.10.??"]
[EventType "swiss"]
[EventRounds "7"]
[EventCountry "DEN"]
[WhiteTeam "NATO"]
[BlackTeam "BEL"]

1. d4 Nf6 2. c4 e6 3. Nf3 b6 4. g3 Bb7 5. Bg2 d5 6. cxd5 Bxd5 7. O-O Bd6 8. Nc3
Bb7 9. Qc2 Nbd7 10. e4 e5 11. Rd1 Qe7 12. Be3 O-O 13. Rac1 Rac8 14. a3 Rfe8 15.
d5 c6 16. Qb1 cxd5 17. exd5 Bc5 18. Bxc5 Nxc5 19. b4 Ncd7 20. Ng5 Ba8 21. d6
Qf8 22. Bxa8 Rxa8 23. Nd5 h6 24. Ne7+ Kh8 25. Nf3 Rxe7 26. dxe7 Qxe7 27. Rc7
Qe6 28. Kg2 Nd5 29. Rcc1 f5 30. Nh4 Ne7 31. Qd3 Nf6 32. Qd6 1-0

[Event "NATO Chess Championship 2010"]
[Site "Koge"]
[Date "2010.10.19"]
[Round "2.35"]
[White "Nielsen, Henrik"]
[Black "Bellemare, Regis"]
[Result "1-0"]
[WhiteElo "2008"]
[BlackElo "1637"]
[PlyCount "51"]
[EventDate "2010.10.??"]
[EventType "swiss"]
[EventRounds "7"]
[EventCountry "DEN"]
[WhiteTeam "DEN"]
[BlackTeam "CAN"]

1. d4 Nf6 2. Nf3 b6 3. g3 Bb7 4. Bg2 e6 5. O-O Be7 6. b3 O-O 7. Bb2 d5 8. Nbd2
Nbd7 9. c4 c5 10. Rc1 Rc8 11. e3 Ba8 12. Qe2 dxc4 13. Nxc4 cxd4 14. exd4 Nd5
15. Rfd1 N7f6 16. Nce5 Qd6 17. Ng5 Rxc1 18. Rxc1 Bb7 19. h4 h6 20. Ne4 Nxe4 21.
Bxe4 Rc8 22. Rxc8+ Bxc8 23. Qh5 Nf6 24. Qxf7+ Kh8 25. Ng6+ Kh7 26. Nxe7+ 1-0

[Event "NATO Chess Championship 2010"]
[Site "Koge"]
[Date "2010.10.19"]
[Round "2.36"]
[White "Geroly, Jozsef"]
[Black "Galloway, James"]
[Result "1-0"]
[WhiteElo "1982"]
[BlackElo "1624"]
[PlyCount "99"]
[EventDate "2010.10.??"]
[EventType "swiss"]
[EventRounds "7"]
[EventCountry "DEN"]
[WhiteTeam "HUN"]
[BlackTeam "NATO"]

1. Nf3 d5 2. g3 Nf6 3. Bg2 c6 4. O-O Bf5 5. d3 e6 6. a3 h6 7. b4 Bd6 8. Bb2
Nbd7 9. Nbd2 O-O 10. c4 a6 11. Re1 Re8 12. e4 Bg6 13. e5 Nxe5 14. Bxe5 Bxd3 15.
Bxd6 Qxd6 16. Ne5 Bf5 17. Nb3 Nd7 18. c5 Qe7 19. Nxd7 Qxd7 20. Nd2 e5 21. f3
Re7 22. Qb3 Rae8 23. Rad1 Qe6 24. Re2 Qg6 25. Nf1 d4 26. g4 Be6 27. Qb1 Qf6 28.
Ng3 Bd5 29. Ne4 Qe6 30. Nd6 Rd8 31. Rxd4 Qf6 32. Qf5 Qxf5 33. Nxf5 Re6 34. Rdd2
Rde8 35. Nd6 R8e7 36. Re3 b5 37. Kf2 Kf8 38. Bf1 g6 39. Bd3 Kg7 40. Be4 Bxe4
41. Rxe4 f6 42. Rde2 a5 43. f4 Ra7 44. fxe5 axb4 45. axb4 Ra4 46. exf6+ Rxf6+
47. Kg2 Rf8 48. h4 Raa8 49. g5 hxg5 50. hxg5 1-0

[Event "NATO Chess Championship 2010"]
[Site "Koge"]
[Date "2010.10.19"]
[Round "2.37"]
[White "Steffers, Hendrik"]
[Black "Ghiacy, Jelani"]
[Result "0-1"]
[WhiteElo "1960"]
[BlackElo "1517"]
[PlyCount "88"]
[EventDate "2010.10.??"]
[EventType "swiss"]
[EventRounds "7"]
[EventCountry "DEN"]
[WhiteTeam "NATO"]
[BlackTeam "CAN"]

1. d4 d5 2. Nf3 Bf5 3. e3 a6 4. Bd3 Bxd3 5. Qxd3 e6 6. Nc3 Nc6 7. a3 Nf6 8. O-O
Bd6 9. e4 dxe4 10. Nxe4 Nxe4 11. Qxe4 O-O 12. Ng5 g6 13. Be3 Rb8 14. Rad1 Ne7
15. Qh4 h5 16. g4 Kg7 17. gxh5 Rh8 18. h6+ Kf8 19. Ne4 Nf5 20. Qxd8+ Rxd8 21.
Bg5 Be7 22. Bf4 Rxd4 23. Rxd4 Nxd4 24. Rd1 Ne2+ 25. Kf1 Nxf4 26. Rd7 Nd5 27. c4
Ke8 28. cxd5 Kxd7 29. dxe6+ fxe6 30. Kg2 Rxh6 31. h3 g5 32. f3 b6 33. a4 a5 34.
b3 c5 35. Kg3 Kc6 36. Nc3 Bf6 37. Ne4 Kd5 38. Nf2 Rh4 39. Ng4 Be5+ 40. Kg2 Kd4
41. Nf2 Kc3 42. Ne4+ Kxb3 43. Nxg5 Rxa4 44. Nxe6 Ra2+ 0-1

[Event "NATO Chess Championship 2010"]
[Site "Koge"]
[Date "2010.10.19"]
[Round "2.38"]
[White "Stone, Stephen"]
[Black "Parisse, Denis"]
[Result "0-1"]
[WhiteElo "1600"]
[BlackElo "1960"]
[PlyCount "78"]
[EventDate "2010.10.??"]
[EventType "swiss"]
[EventRounds "7"]
[EventCountry "DEN"]
[WhiteTeam "CAN"]
[BlackTeam "NATO"]

1. e4 e6 2. Nf3 d5 3. e5 c5 4. d4 cxd4 5. Qxd4 Nc6 6. Qf4 Qc7 7. Bd3 Nge7 8.
O-O Ng6 9. Bxg6 hxg6 10. Re1 Nb4 11. Na3 a6 12. Re2 Be7 13. Qg3 Nc6 14. b3 Qa5
15. Nb1 Rh5 16. Bb2 Bd7 17. Nbd2 O-O-O 18. c4 Kb8 19. cxd5 Qxd5 20. Nc4 Qb5 21.
Rd1 Na5 22. Nd4 Qd5 23. Ne3 Qc5 24. Rc2 Qb6 25. Rcd2 Bh4 26. Qf4 Be8 27. Nf3
Rxd2 28. Rxd2 Be7 29. Rc2 Qd8 30. g4 Rh8 31. b4 g5 32. Nxg5 Bxg5 33. Qg3 Bxe3
34. Qxe3 Qd1+ 35. Kg2 Qxc2 36. bxa5 Qxb2 37. Qg5 Bc6+ 38. Kg3 Qc3+ 39. Kf4 Qf3#
0-1

[Event "NATO Chess Championship 2010"]
[Site "Koge"]
[Date "2010.10.19"]
[Round "2.40"]
[White "De Cat, Ben"]
[Black "Murray, Brian"]
[Result "1-0"]
[WhiteElo "1927"]
[BlackElo "1466"]
[PlyCount "91"]
[EventDate "2010.10.??"]
[EventType "swiss"]
[EventRounds "7"]
[EventCountry "DEN"]
[WhiteTeam "BEL"]
[BlackTeam "CAN"]

1. Nf3 d6 2. d3 c6 3. e4 e5 4. Be2 Nf6 5. h3 Be7 6. Nbd2 Nbd7 7. g4 b5 8. Nf1
Nc5 9. Ng3 g6 10. Be3 Ne6 11. Qd2 a5 12. g5 Nd7 13. h4 Qc7 14. h5 Bb7 15. hxg6
fxg6 16. O-O-O c5 17. Rh4 b4 18. Rdh1 h5 19. gxh6 Bxh4 20. Nxh4 Nf4 21. Bxf4
exf4 22. Nxg6 Rh7 23. Nxf4 O-O-O 24. Ne6 Qb6 25. Nxd8 Qxd8 26. Bg4 Kb8 27. Bf5
Rh8 28. h7 Nf6 29. Qg5 Qf8 30. Rh6 Nxh7 31. Qh4 a4 32. Rxh7 Rxh7 33. Qxh7 a3
34. Qg6 axb2+ 35. Kb1 Qd8 36. Ne2 c4 37. dxc4 Qb6 38. e5 Qxf2 39. Qxd6+ Ka8 40.
Qd8+ Ka7 41. Qd4+ Qxd4 42. Nxd4 Kb6 43. Ne6 Bc8 44. Kxb2 Bxe6 45. Bxe6 Kc5 46.
Bd5 1-0